000 01191nam a2200217Ia 4500
999 _c52598
_d52598
001 19622
003 GE_BSU
005 20200310180154.0
008 181216s1942||||ge |||||||||||||| ||geo||
040 _cGE_BSU
041 _ageo
080 _a811.353.1(058) მ-80
245 _a აკად. ნ. მარის სახელობის ენის, ისტორიისა და მატერიალური კულტურის ინსტიტუტის მოამბე = Известия института языка, истории и материальной культуры им. акад. Н.Я. Марра = Bulletin De L'Institut Marr De Langues, D'Histoire et De Culture Materielle :
_bმოამბე XIII /
_cრედ. ნ. ბერძენიშვილი.
264 _aთბილისი :
_bმეცნიერებათა აკადემია,
_c1942.
300 _a292 გვ. ;
_c21 სმ.
541 _h5ლ.
653 _aენათმეცნიერება
653 _aმოამბე XIII
700 _aბერძენიშვილი, ნ.
_eრედაქტორი
_97705
942 _cBK
_2udc